Eastern Utah Libraries Catalog: Duchesne, Heber, Roosevelt, & Vernal

Melania. (Record no. 401466)

MARC details
000 -LEADER
fixed length control field 01258nam a2200337 i 4500
001 - CONTROL NUMBER
control field BK0031990730
005 - DATE AND TIME OF LATEST TRANSACTION
control field 20241216123517.0
008 - FIXED-LENGTH DATA ELEMENTS--GENERAL INFORMATION
fixed length control field 241003s2024 nyua 000 0aeng d
010 ## - LIBRARY OF CONGRESS CONTROL NUMBER
LC control number bl2024026985
020 ## - INTERNATIONAL STANDARD BOOK NUMBER
International Standard Book Number 9781510782693 : HRD
Terms of availability 40.00
020 ## - INTERNATIONAL STANDARD BOOK NUMBER
International Standard Book Number 1510782699 : HRD
Terms of availability 40.00
Qualifying information hc.
037 ## - SOURCE OF ACQUISITION
Source of stock number/acquisition Simon & Schuster, Order Dept 100 Front st, Riverside, NJ, USA, 08075
Note SAN 200-2442
040 ## - CATALOGING SOURCE
Original cataloging agency GCmBT
Language of cataloging eng
Transcribing agency GCmBT
Description conventions rda
050 14 - LIBRARY OF CONGRESS CALL NUMBER
Classification number E914.T77
Item number A3 2024
082 04 - DEWEY DECIMAL CLASSIFICATION NUMBER
Classification number 973.933092
082 04 - DEWEY DECIMAL CLASSIFICATION NUMBER
Classification number B
Edition number 23/eng/20241003
092 ## - LOCALLY ASSIGNED DEWEY CALL NUMBER (OCLC)
Classification number 973.9330
100 1# - MAIN ENTRY--PERSONAL NAME
Personal name Trump, Melania,
Dates associated with a name 1970-
Relator term author.
245 10 - TITLE STATEMENT
Title Melania.
Remainder of title A Memoir
264 #1 - Production, Publication, Distribution, Manufacture, and Copyright Notice.
Place of production, publication, distribution, manufacture [New York, New York] :
Name of producer, publisher, distributor, manufacturer Skyhorse Publishing,
Date of production, publication, distribution, manufacture, or copyr [2024]
300 ## - PHYSICAL DESCRIPTION
Extent vii, 184 pages :
Other physical details illustrations (chiefly color) ;
Dimensions 24 cm
336 ## - Content Type
Content type term text
337 ## - Media type
Media type term unmediated
338 ## - Carrier type
Carrier type term volume
520 ## - SUMMARY, ETC.
Summary, etc A memoir of a former first lady offers a glimpse into the life of a woman who navigated several challenges in her prominent position.
600 10 - SUBJECT ADDED ENTRY--PERSONAL NAME
Personal name Trump, Melania,
Dates associated with a name 1970-
650 #0 - SUBJECT ADDED ENTRY--TOPICAL TERM
Topical term or geographic name as entry element Presidents' spouses
Geographic subdivision United States
Form subdivision Biography.
9 (RLIN) 5704070
650 #0 - SUBJECT ADDED ENTRY--TOPICAL TERM
Topical term or geographic name as entry element Slovenes
Geographic subdivision United States
Form subdivision Biography.
9 (RLIN) 6495657
655 #7 - INDEX TERM--GENRE/FORM
Genre/form data or focus term Autobiographies.
Source of term lcgft
942 ## - ADDED ENTRY ELEMENTS (KOHA)
Source of classification or shelving scheme Dewey Decimal Classification
Koha item type BOOK
Holdings
Withdrawn status Lost status Source of classification or shelving scheme Damaged status Not for loan Collection code Home library Current library Shelving location Date acquired Source of acquisition Total Checkouts Total Renewals Full call number Barcode Date last seen Date checked out Cost, replacement price Price effective from Koha item type
    Dewey Decimal Classification     General NonFiction Wasatch County Library Wasatch County Library Second Floor 12/18/2024 Amazon 3 3 92 Trump 34301002141036 02/09/2026 01/31/2026 40.00 12/18/2024 BOOK
This project was made possible through a grant from the Institute of Museum and Library Service administered by the Utah State Library Division.

Wasatch County Library

  • 465 East 1200 South, Heber City, Utah 84032
  • Phone 435-654-1511 | Fax 435-654-6456

Hours

  • Monday - Friday 9:30 AM - 8:00 PM
  • Saturday 9:30 AM - 1:30 PM
  • Closed Sundays and Holidays